000 01357cam a22003617a 4500
003 CHAP
005 20220329142704.0
008 010920d2001 mx r 00110 spa d
010 _a86535
011 _a87507
035 _a98051
040 _cCHAP
090 _aTesis
100 0 0 _aMárquez Reyes, Ricardo Benjamín.
_976347
245 1 0 _aIdentificación del ácaro ectoparásito (Microtrombidiidae) de Brachistola magna (Girard) (Acrididae : Romaleinae)
_c/por Ricardo Benjamín Márquez Reyes
260 _aChapingo, Méx. :
_bEl autor,
_c2002.
300 _a63 h. :
_bilus.
502 _aTesis (Ing. Agr. Esp. en Parasitología Agrícola) -- UACH. Departamento de Parasitología Agrícola
590 _aALEPH
_b10
_c20130110
_lUCH01
_h1450
590 _aBATCH-UPD
_b10
_c20130110
_lUCH01
_h0240
590 _aBATCH-UPD
_b10
_c20130110
_lUCH01
_h1856
590 _aBATCH-UPD
_b10
_c20130409
_lUCH01
_h2307
590 _aBATCH-UPD
_b10
_c20130410
_lUCH01
_h1224
590 _aBATCH-UPD
_b10
_c20130914
_lUCH01
_h0919
590 _aCONVERSION
_b10
_c20130109
_lUCH01
_h1348
650 1 4 _aÁcaros
_xIdentificación.
_982380
650 1 4 _aChapulines.
_921941
901 _aBK
905 _aAlejandra Carrasco M.
942 _cFOLL
949 _aTesis
_bBC
_cTES
_d33724000872198
_eTS2
_fc.2
_h40201
_i98051
_sb
949 _aTesis
_bBC
_cTES
_d980511
_eTS1
_h40200
_i98051
_sb
999 _c86535
_d86535